| 000 | 00798nam a2200253Ia 4500 | ||
|---|---|---|---|
| 003 | OSt | ||
| 005 | 20220928124322.0 | ||
| 006 | a|||||r|||| 00| 0 | ||
| 007 | ta | ||
| 008 | 220927b |||||||| |||| 00| 0 eng d | ||
| 020 | _c2035.5 | ||
| 024 | _a129073 | ||
| 037 |
_b198, 03/03/2016, Excel Book International _cTextual |
||
| 040 |
_aSDCL _cSDCL _beng |
||
| 041 |
_2eng _aeng |
||
| 082 | _aW:(Y:4582), Q5 | ||
| 100 |
_aBalibar Etienne _9396318 |
||
| 245 | 0 |
_aViolence and civility _b On the limits of political philosophy |
|
| 260 |
_aNew York _b California University Press _c2015 |
||
| 300 |
_axv;212p. _ccm. |
||
| 650 | _aPolitical Science | ||
| 942 |
_hW:(Y:4582), Q5 _cTEXL _2CC |
||
| 999 |
_c777261 _d777261 |
||